Biblioteca y Centro de Documentación

Diccionario de Ciencias Sociales (Registro nro. 926)

Detalles MARC
000 -CABECERA
Longitud fija campo de control 01118nam a2200325 c 4500
001 - NÚMERO DE CONTROL
Número de control 926
003 - IDENTIFICADOR DE NÚMERO DE CONTROL
Identificador del número de control ES-MaCES
005 - FECHA Y HORA DE LA ÚLTIMA TRANSACCIÓN
Fecha y hora de la última transacción 20190511040037.0
008 - CAMPO FIJO DE DESCRIPCIÓN FIJA--INFORMACIÓN GENERAL
Códigos de información de longitud fija   950920s1976 sp ||| | spa d
017 ## - NÚMERO DE REGISTRO DE DERECHOS DE AUTOR Y DEPÓSITO LEGAL
Número de copyright o de depósito legal M. 3842-1975
Agencia que asigna el número DL
020 ## - ISBN (INTERNATIONAL STANDARD BOOK NUMBER)
Número Internacional Normalizado para Libros (ISBN) 842590434X
035 ## - NÚMERO DE CONTROL DEL SISTEMA
Número de control del sistema CES19980009313m
040 ## - FUENTE DE CATALOGACIÓN
Centro catalogador de origen ES-MaCES
Lengua de catalogación spa
Centro transcriptor ES-MaCES
245 00 - MENCIÓN DE TÍTULO
Título Diccionario de Ciencias Sociales
Mención de responsabilidad, etc. Salustiano del Campo, director ; Juan F. Marsal, representante de CLACSO ; José A. Garmendia, representante del Grupo Español ; redactado bajo el patrocinio de la Unesco
260 ## - PUBLICACIÓN, DISTRIBUCIÓN, ETC (PIE DE IMPRENTA)
Lugar de publicación, distribución, etc. Madrid
Nombre del editor, distribuidor, etc. Instituto de Estudios Políticos
Fecha de publicación, distribución, etc. 1976
300 ## - DESCRIPCIÓN FÍSICA
Extensión v.
Dimensiones 25 cm
505 0# - NOTA DE CONTENIDO FORMATEADA
Nota de contenido con formato Contiene: II
541 ## - NOTA DE LA FUENTE INMEDIANTE DE ADQUISICIÓN
Forma de adquisición Compra
650 #4 - ASIENTO SECUNDARIO DE MATERIA--TÉRMINO DE MATERIA
Término de materia o nombre geográfico como elemento inicial ciencias sociales
9 (RLIN) 27256
650 #4 - ASIENTO SECUNDARIO DE MATERIA--TÉRMINO DE MATERIA
Término de materia o nombre geográfico como elemento inicial diccionario
9 (RLIN) 28997
650 #4 - ASIENTO SECUNDARIO DE MATERIA--TÉRMINO DE MATERIA
Término de materia o nombre geográfico como elemento inicial lengua española
9 (RLIN) 30838
653 10 - TÉRMINO DE INDEXACIÓN--NO CONTROLADO
Término no controlado Diccionarios temáticos
700 1# - ENCABEZAMIENTO SECUNDARIO--NOMBRE PERSONAL
Nombre de persona Campo, Salustiano del
Término indicativo de función dir.
9 (RLIN) 8832
700 1# - ENCABEZAMIENTO SECUNDARIO--NOMBRE PERSONAL
Nombre de persona Marsal, Juan F.
Término indicativo de función ed. lit.
9 (RLIN) 17623
700 1# - ENCABEZAMIENTO SECUNDARIO--NOMBRE PERSONAL
Nombre de persona Garmendia, José A.
Término indicativo de función ed. lit.
9 (RLIN) 13120
710 2# - ENCABEZAMIENTO SECUNDARIO--NOMBRE CORPORATIVO
Nombre de entidad o nombre de jurisdicción como elemento inicial UNESCO
Término indicativo de función col.
9 (RLIN) 5066
902 ## - CES. TIPO DE DOCUMENTO
Tipodoc (006$c Sirtex) LIB Libro
942 ## - ELEMENTOS KOHA
Fuente de clasificaión o esquema Clasificación propia del CES
Koha [por defecto] tipo de item Monografías
Parte de clasificación 9.3.
Existencias
Número de registro Signatura completa Número de copia Tipo de item de Koha
002816 DPT-10508 0002 Monografías
© CES, Consejo Económico y Social de España 2021